Биологическая активность фуллеренолов различной структуры. Роль активных форм кислорода. Биолюминесцентный мониторинг; VII Съезд биофизиков России; Т. 2

Bibliografiske detaljer
Parent link:VII Съезд биофизиков России: cборник научных трудов, Краснодар, 17-23 апреля 2023 года/ Кубанский государственный технологический университет.— .— Краснодар: КубГТУ
Т. 2.— 2023.— С. 11
Andre forfattere: Сушко Е. С. Екатерина Сергеевна, Сачкова А. С. Анна Сергеевна, Внукова Н. Г. Наталья Григорьевна, Чурилов Г. Н. Григорий Николаевич, Степин Е. А., Кичеева А. Г. Арина Геннадьевна, Кудряшева Н. С. Надежда Степановна
Summary:Заглавие с экрана
Sprog:russisk
Udgivet: 2023
Fag:
Online adgang:https://elibrary.ru/item.asp?id=5395474
Format: MixedMaterials Electronisk Book Chapter
KOHA link:https://koha.lib.tpu.ru/cgi-bin/koha/opac-detail.pl?biblionumber=681358

MARC

LEADER 00000naa0a2200000 4500
001 681358
005 20250825140418.0
090 |a 681358 
100 |a 20250825d2023 k y0rusy50 ca 
101 0 |a rus 
102 |a RU 
135 |a drcn ---uucaa 
181 0 |a i   |b  e  
182 0 |a b 
183 0 |a cr  |2 RDAcarrier 
200 1 |a Биологическая активность фуллеренолов различной структуры. Роль активных форм кислорода. Биолюминесцентный мониторинг  |f Е. С. Сушко, А. С. Сачкова, Н. Г. Внукова [и др.] 
203 |a Текст  |c электронный  |b визуальный 
283 |a online_resource  |2 RDAcarrier 
300 |a Заглавие с экрана 
461 1 |t VII Съезд биофизиков России  |o cборник научных трудов, Краснодар, 17-23 апреля 2023 года  |f Кубанский государственный технологический университет  |o в 2 т.  |c Краснодар  |n КубГТУ 
463 1 |t Т. 2  |v С. 11  |d 2023 
610 1 |a электронный ресурс 
610 1 |a труды учёных ТПУ 
610 1 |a антиоксиданты 
610 1 |a фуллеренолы 
610 1 |a биолюминесцентный мониторинг 
701 1 |a Сушко  |b Е. С.  |g Екатерина Сергеевна 
701 1 |a Сачкова  |b А. С.  |c биолог  |c доцент Томского политехнического университета, кандидат биологических наук  |f 1986-  |g Анна Сергеевна  |9 18633 
701 1 |a Внукова  |b Н. Г.  |g Наталья Григорьевна 
701 1 |a Чурилов  |b Г. Н.  |g Григорий Николаевич 
701 1 |a Степин  |b Е. А. 
701 1 |a Кичеева  |b А. Г.  |g Арина Геннадьевна 
701 1 |a Кудряшева  |b Н. С.  |g Надежда Степановна 
801 0 |a RU  |b 63413507  |c 20250825  |g RCR 
850 |a 63413507 
856 4 |u https://elibrary.ru/item.asp?id=5395474  |z https://elibrary.ru/item.asp?id=5395474 
942 |c CF